Singular perturbation methods for ordinary differential equations
Αποθηκεύτηκε σε:
| Κύριος συγγραφέας: | |
|---|---|
| Μορφή: | Βιβλίο |
| Γλώσσα: | English |
| Δημοσίευση: |
New York :
Springer-Verlag,
c1991
|
| Σειρά: | Applied mathematical sciences (Springer-Verlag New York Inc.)
; 89 |
| Θέματα: | |
| Ετικέτες: |
Προσθήκη ετικέτας
Δεν υπάρχουν, Καταχωρήστε ετικέτα πρώτοι!
|
MARC
| LEADER | 00000nam a2200000 i 4500 | ||
|---|---|---|---|
| 001 | 1/76596 | ||
| 008 | 990430s1991 eng d | ||
| 020 | |a 3-540-97556-X | ||
| 035 | |l 10049647 | ||
| 040 | |a GR-MY-UA |b gre |e aacr | ||
| 041 | 0 | |a eng | |
| 082 | 0 | |a 515.352 | |
| 100 | 1 | |a O'Malley, Robert E. | |
| 245 | 1 | 0 | |a Singular perturbation methods for ordinary differential equations / |c Robert E. O'Malley |
| 260 | |a New York : |b Springer-Verlag, |c c1991 | ||
| 300 | |a viii, 235 p.; |b ill.; |c 25 cm. | ||
| 490 | 1 | |a Applied mathematical sciences (Springer-Verlag New York Inc.) |v ; 89 | |
| 500 | |a Includes bibliographical references and index | ||
| 650 | 0 | 0 | |a Differential equations. |
| 650 | 0 | 0 | |a Perturbation (Mathematics) |
| 830 | 0 | |a Applied mathematical sciences (Springer-Verlag New York Inc.) |v ; 89 | |
| 852 | |a INST |b SAMOS |e 19990430 |h 515.352 OMA |p 005300014748 |q 005300014748 |t BK |y 0 | ||
| 901 | |a BIBL-1999-1 | ||
| 909 | |a Σ |b 064643 | ||
| 922 | |a 3ΕΛΗ |b 199903 |c ΚΠΣ |d GLORY | ||
| 950 | |a 116-1998-08-10 | ||